• 首页
  • 本馆介绍
  • 公告通知
  • 最新文献
  • 馆藏检索
  • 电子资源
  • 读者导购
  • 参考咨询
  • 我的图书馆
  • 登录
  • 详细信息显示
  • 放入我的书架
  • 预约/预借图书
  • 作者相关作品
  • 分类相关作品
  • 丛书相关作品
  • 出版社相关作品

书目信息

  • 表格格式
  • 工作单格式
  • 卡片格式
题名:
珠算简捷新算法
    
 
作者: 龚宝和 , 王令九 编著
分册:  
出版信息: 太原   山西人民出版社  1981
页数: 177页
开本: 19cm
丛书名:
单 册:
中图分类: O121.5
科图分类:
主题词: 珠算
电子资源:
ISBN:
000 00695nam0 2200265 45
001 0181009900
005 20040519165302.4
010    @dCNY0.44
091    @a15088.121
100    @a19950324d1981 em y0chiy0121 ea
101 0  @achi
102    @aCN@b140000
105    @ay z 000yy
106    @ar
200 10 @a珠算简捷新算法@Azhu suan jian jie xin suan fa@f龚宝和,王令九编著
205    @a2版
210    @a太原@c山西人民出版社@d1981
215    @a177页@d19cm
606    @a珠算
690    @aO121.5@v3
701  0 @a龚宝和@Agong bao he@4编著
701  0 @a王令九@Awang ling jiu@4编著
801  0 @aCN@b上海图书馆@c20040519
801  2 @aCN@bNLC@c20040519
905    @f1@b45950@dO121.5@e111
    
    珠算简捷新算法/龚宝和,王令九编著.-2版.-太原:山西人民出版社,1981
    177页;19cm
    
    
    ISBN :CNY0.44
    
●
相关链接 在E读中查询图书 在五车中查询图书 在当当中查询图书 在豆瓣中查询图书


正题名:珠算简捷新算法     索取号:O121.5/111         预约/预借

序号 登录号 条形码 馆藏地/架位号 状态 备注
1 0045950   001245502   第三借阅区/ [索取号:O121.5/111] 在馆    
2 0045951   001245496   第二样本阅览室/ [索取号:O121.5/111] 在馆    
唐山师范学院图书馆 欢迎您!
大连网信软件有限公司© 版权所有